| 000 | 01061nam a2200313Ia 4500 | ||
|---|---|---|---|
| 005 | 20220317000024.0 | ||
| 008 | 000030 2008 ck a g spa spa | ||
| 020 | _a9789583002960 | ||
| 041 | _aspa | ||
| 100 | 1 | _aRomán, Celso | |
| 245 | 1 | 4 |
_aLas cosas de la casa _bCelso Román ; ilustrado por de Henry González |
| 250 | _a1a. edición | ||
| 300 |
_a87 páginas _bilustraciones a color _c20 cm |
||
| 650 | 1 | 4 |
_2LEMB _aCuentos infantiles colombianos |
| 650 | 1 | 4 |
_2LEMB _aLiteratura infantil colombiana |
| 650 | 1 | 4 |
_2LEMB _aMuebles en la literatura |
| 650 | 1 | 4 |
_2LEMB _aCasas en la literatura |
| 650 | 1 | 4 |
_2LEMB _aFantasía en la literatura |
| 650 | 1 | 4 |
_2LEMB _aImaginación en la literatura |
| 650 | 1 | 4 |
_2LEMB _aLibros y lectura para niños |
| 700 | 1 |
_aGonzález, Henry _910755 |
|
| 942 |
_2loc _cBKINF |
||
| 264 |
_aBogotá _bPanamericana _c2008 |
||
| 336 |
_atexto _btxt _2rdacontent |
||
| 337 |
_asin mediación _bn _2rdamedia |
||
| 338 |
_avolumen _bnc _2rdacarrier |
||
| 040 |
_aCO-BoRNBP _bspa _erda _cCO-BoRNBP |
||
| 084 | _aC ROM1 | ||
| 999 |
_c2917 _d2917 |
||